| 000 | 00417 a2200157 4500 | ||
|---|---|---|---|
| 020 | _a8176490148 | ||
| 022 | _a9788176490146 | ||
| 082 | _a658.402 | ||
| 090 |
_c5474 _d5474 |
||
| 100 | _aParker,Glenn M. | ||
| 245 |
_aTeam Building _bA Sourcebook of Activities _cGlenn M Parker |
||
| 260 |
_aNew Delhi _bViva books Private limited _c1999 |
||
| 300 | _a202p | ||
| 500 | _aPaper cover | ||
| 942 |
_aNBS _cBK _k658.402 PAR |
||
| 999 |
_c347881 _d347881 |
||